Ework and ebusiness in architecture, engineering and construction (Record no. 103156)
[ view plain ]
| 000 -LEADER | |
|---|---|
| fixed length control field | 01424cam a2200265 4500 |
| 008 - FIXED-LENGTH DATA ELEMENTS--GENERAL INFORMATION | |
| fixed length control field | 031029n2002 000 0 eng u |
| 020 ## - INTERNATIONAL STANDARD BOOK NUMBER | |
| International Standard Book Number | 905809507X |
| 035 ## - SYSTEM CONTROL NUMBER | |
| System control number | (Sirsi) u124125 |
| 041 ## - LANGUAGE CODE | |
| Language code of text/sound track or separate title | eng |
| 050 ## - LIBRARY OF CONGRESS CALL NUMBER | |
| Classification number | 690.02854 |
| -- | 21 |
| 111 ## - MAIN ENTRY--MEETING NAME | |
| Meeting name or jurisdiction name as entry element | European Conference on Product and Process Modelling in the Building and Related Industries |
| Number of part/section/meeting | (4th |
| Date of meeting or treaty signing | 2002 |
| Location of meeting | Portoroz, Solvenia) |
| 245 ## - TITLE STATEMENT | |
| Title | Ework and ebusiness in architecture, engineering and construction |
| Remainder of title | proceedings of the 4th European conference on product and process modelling in the building and related industries, Portoroz, Slovenia 9-11 September 2002 |
| 260 ## - PUBLICATION, DISTRIBUTION, ETC. | |
| Place of publication, distribution, etc. | Liss |
| -- | Abingdon |
| Name of publisher, distributor, etc. | Balkema |
| Date of publication, distribution, etc. | 2002 |
| 300 ## - PHYSICAL DESCRIPTION | |
| Extent | xvi, 716p. |
| Dimensions | 26cm. |
| 350 ## - PRICE (NR) (BK AM CF MU VM SE) [OBSOLETE] | |
| Price | 142.50 |
| 520 ## - SUMMARY, ETC. | |
| Summary, etc. | A collection of papers from the conference. Includes: keynote papers; virtual enterprise environments; ebusiness; construction managment; simulation and planning; process modelling; conceptual modelling; project data management; standard models; product models; geometric models; conformance checking; collaborative engineering; concurrent engineering; web services; mobile computing; knowledge management; and education. Contains an author index. |
| 650 ## - SUBJECT ADDED ENTRY--TOPICAL TERM | |
| Topical term or geographic name entry element | EBUSINESS |
| 650 ## - SUBJECT ADDED ENTRY--TOPICAL TERM | |
| Topical term or geographic name entry element | ARCHITECTURE |
| 650 ## - SUBJECT ADDED ENTRY--TOPICAL TERM | |
| Topical term or geographic name entry element | ENGINEERING |
| 650 ## - SUBJECT ADDED ENTRY--TOPICAL TERM | |
| Topical term or geographic name entry element | BUILT ENVIRONMENT |
| 690 ## - LOCAL SUBJECT ADDED ENTRY--TOPICAL TERM (OCLC, RLIN) | |
| Topical term or geographic name as entry element | MANAGEMENT-BUSINESS MANAGEMENT-INFORMATION MANAGEMENT |
| 700 ## - ADDED ENTRY--PERSONAL NAME | |
| Personal name | Turk, Z. |
| 700 ## - ADDED ENTRY--PERSONAL NAME | |
| Personal name | Scherer, R. |
| 942 ## - ADDED ENTRY ELEMENTS (KOHA) | |
| Suppress in OPAC | 0 |
| Withdrawn status | Lost status | Source of classification or shelving scheme | Damaged status | Not for loan | Home library | Current library | Shelving location | Date acquired | Cost, normal purchase price | Total Checkouts | Full call number | Barcode | Date last seen | Date last checked out | Copy number | Cost, replacement price | Price effective from | Koha item type |
|---|---|---|---|---|---|---|---|---|---|---|---|---|---|---|---|---|---|---|
| Other/Generic Classification Scheme | London | London | Books | 27/02/2004 | 140.00 | 1 | 690.02854 EWO | 30068672 | 06/08/2019 | 24/11/2004 | 1 | 140.00 | 06/08/2019 | Book |